=LDR 00000nam 2200000 4500 =001 INLIS000000000021940 =005 20130612120741 =008 ***********************************Ind** =035 ##$$0010-061300000021940 =041 ##$$a Ind =082 ##$$a 2X5.1 =090 ##$$a 2X5.1, Jaz m =100 ##$$a Al Jazairi, Syaikh Abu Bakar =245 ##$$a Mengenal etika dan akhlak Islam, Syaikh Abu Bakar Al Jazairi =260 ##$$a 2003 $b Jakarta =300 ##$$a 204 hlm, 20 cm =650 ##$$a Akhlak Islam =850 ##$$a NBPNMAT =990 ##$$a 92145/BPAP-NTB/2014 =990 ##$$a 2090100890/BPAP-NTB/2015